Postacie Marvela (MCU) - Statystyki

Ogólne statystyki
  • Ten quiz został rozwiązany 76 razy
    74 od ostatniego zresetowania
  • Średni wynik to 21 z 65
Statystyki odpowiedzi
Rodzina Postać Alter-Ego % Poprawnych
Iron Family Iron Man Tony Stark
100%
Cap Family Kapitan Ameryka Steve Rogers
78%
Cap Family Zimowy Żołnierz James Buchanan “Bucky” Barnes
71%
Spider Family Spiderman Peter Parker
65%
Hulk Family Hulk Bruce Banner
63%
Cap Family Falcon Sam Wilson
61%
Cap Family Agentka Carter Margaret "Peggy" Carter
59%
Pozostali Scarlet Witch Wanda Maximoff
57%
Pozostali Star Lord Peter Quill
51%
Iron Family Rescue Virginia "Pepper" Potts
51%
Hawk Family Sokole Oko Clint Barton
47%
Cap Family Biały Wilk James Buchanan “Bucky” Barnes
47%
Pozostali Quicksilver Pietro Maximoff
43%
Panther Family Czarna Pantera Shuri
43%
Panther Family Czarna Pantera T'Challa
41%
Iron Family War Machine James "Rhodey" Rhodes
39%
Ant Family Ant-man Scott Lang
39%
Pozostali Doktor Strange Stephen Strange
39%
Panther Family Czarna Pantera T'Chaka
39%
Hawk Family Ronin Clint Barton
37%
Ant Family Ant-man Hank Pym
37%
Marvel Family Kapitan Marvel Carol Danvers
35%
Hawk Family Sokole Oko Kate Bishop
35%
Widow Family Czarna Wdowa Natasha Romanoff
35%
Cap Family Kapitan Ameryka Sam Wilson
35%
Widow Family Czarna Wdowa Yelena Belova
35%
Ant Family Stature/Stinger/Ant-Girl Cassandra "Cassie" Lang
33%
Spider Family Venom Eddie Brock
33%
Spider Family Night Monkey Peter Parker
33%
Cap Family U.S. Agent John Walker
31%
Spider Family Green Goblin Norman Osborn
31%
Iron Family Ironheart Riri Williams
31%
Pozostali Mighty Thor Jane Foster
29%
Hulk Family She-Hulk Jennifer Susan Walters
27%
Cap Family Kapitan Ameryka John Walker
27%
Marvel Family Ms. Marvel Kamala Khan
27%
Cap Family Agent 13 Sharon Carter
27%
Spider Family Doktor Octopus Doktor Otto Octavius
25%
Ant Family Osa Hope van Dyne
25%
Ant Family Osa Janet van Dyne
25%
Iron Family Whiplash Ivan Vanko
24%
Iron Family Iron Patriot James "Rhodey" Rhodes
24%
Iron Family Iron Monger Obadiah Stane
24%
Ant Family Duch Ava
22%
Hulk Family Abominacja Emil Blonsky
22%
Pozostali Kingpin Wilson Grant Fisk
22%
Widow Family Red Guardian Alexei Shostakov
20%
Cap Family Crossbones Brock Rumlow
20%
Panther Family Czarna Pantera Erik Killmonger
20%
Pozostali Moon Knight Marc Spector / Steven Grant / Jake Lockley / Pan Knight
20%
Marvel Family Photon/Pulsar/Spectrum Monica Rambeau
18%
Spider Family Mysterio Quentin Beck
18%
Ant Family Yellowjacket Darren Cross
16%
Ant Family M.O.D.O.K. Darren Cross
16%
Cap Family Red Skull Johann Schmidt
16%
Spider Family Vulture Adrian Toomes
14%
Spider Family Jaszczur Doktor Curt Connors
12%
Spider Family Sandman Flint Marko
12%
Mandarine Family Fake Mandaryn Trevor Slattery
12%
Mandarine Family Tytułował się jakoMandaryn Aldrich Killian
10%
Spider Family Electro Max Dillon
10%
Pozostali Kang Zdobywca Nathaniel Richards
10%
Mandarine Family Faktyczny Mandaryn Xu Wenwu
10%
Pozostali Black Knight Dane Whitman
8%
Widow Family Czarna Wdowa Melina Vostokoff
8%
Nie znaleziono quizów pasujących do podanych kryteriów
Rozkład punktacji
Procent ludzi z każdym wynikiem
Percentyl według liczby udzielonych odpowiedzi
Twoja historia wyników
Nie rozwiązałeś tego quizu od ostatniego zresetowania